000 00649nam a2200241Ia 4500
003 OSt
005 20220918174220.0
006 a|||||r|||| 00| 0
007 ta
008 220917b |||||||| |||| 00| 0 eng d
024 _a11,155
037 _cTextual
040 _aARTS
_cARTS
_beng
041 _2eng
_aeng
082 _aMB1, J51
100 _aBerkeley Edmund Callis
_949550
245 0 _aGiant brains or machines that think
260 _aNew York
_bJohn wiley & sons, Inc.
_c1955
300 _a270
_ccm.
650 _aINDUSTRIAL ARTS
942 _hMB1, J51
_cTEXL
_2CC
999 _c152270
_d152270